02727nam a2200553Ia 4500001000400000008004100004010000800045041001400053082001400067245020300081260001800284300000800302520000600310630001600316630001300332630002400345630001700369650002700386690001600413700002800429700003300457700002700490901006900517902000600586903003600592904001800628905002700646906000600673907001400679908001400693909004500707910001500752911001000767912001400777913000900791914002300800915001900823916000900842917000900851918001400860919002900874520121300903921000702116922000702123923000602130924001402136942001002150999001302160738241029s9999 xx 000 0 und d a664 aEspañol aNO APLICA 0aFactores que determinan que los egresados de los Colegios Adventistas del Distrito Nacional y La Provincia Santo Domingo, decidan realizar sus estudios superiores en la UNAD. Año Escolar 2011-2012 aSanto Domingo a127 a6 aEstudiantes aFactores aFactores Cognitivos aMotivación aElección de Estudios aSintetizado easesoraAmador, Solanyi eautora De Jesús , Esteban eautora Díaz, Eliseo a{"1":" De Jesús ","2":" Díaz"}b{"1":"Esteban","2":"Eliseo"} a1 a{"1":"Amador"}b{"1":"Solanyi"} aMagíster en aDocencia Universitaria a2 aNO APLICA aNO APLICA aUniversidad Adventista Dominicana (UNAD) aNULLbNULL a["1"] aNO APLICA aNULL a01 de Mayo de 2012 a12/07/15 07:07 aNULL aNULL aNO APLICA a["96","243","104","143"] aCon este estudio, se procura identificar los factores que determinan que los egresados de los colegios adventistas del Distrito Nacional y la provincia Santo Domingo, para el año escolar 2011-2012,decidan realizar sus estudios a nivel superior en la UNAD. Normal 0 21 false false false MicrosoftInternetExplorer4 Esta investigación se presenta como un estudio descriptivo y la técnica que lo complementa es la encuesta, llevada acabo a través del uso de un cuestionario aplicado a 160 estudiantes que representa el 50% del total de alumnos de cuarto de Media y ocho colegios adventistas del Distrito Nacional y la provincia Santo Domingo.Los resultados más relevantes: más de lamitad de los estudiante posee poca y/o ninguna información sobre la UNAD.  Entre los factores sobre los que se posee ese nivel de información figuran: innovación tecnológica, facilidades de financiamiento, atractivo de las instalaciones, entre otros.En relación a los factores que valoran los estudiantes para elegir estudiar en la UNAD, están los siguientes: ambiente armonioso, accesibilidad del profesorado a los alumnos, amabilidad en el trato del personal, entre otros. a28 a28 a0 aNO APLICA cTesis c664d664